[Event "FRA-chT U20 16 GP Basse 1011"]
[Site "France"]
[Date "2011.06.13"]
[Round "11"]
[White "Robic, Damien"]
[Black "Hoerdt, Audran"]
[Result "0-1"]
[WhiteElo "1494"]
[BlackElo "1687"]
[PlyCount "58"]
[EventDate "2010.06.20"]
[EventType "team-tourn"]
[EventRounds "11"]
[EventCountry "FRA"]
[SourceTitle "EXT 2015"]
[Source "ChessBase"]
[SourceDate "2014.11.20"]
[SourceVersion "1"]
[SourceVersionDate "2014.11.20"]
[SourceQuality "1"]
[WhiteTeam "Hyeres (U20)"]
[BlackTeam "Bischwiller (U20)"]
[WhiteTeamCountry "FRA"]
[BlackTeamCountry "FRA"]

1. e4 e6 2. d4 d5 3. Nc3 Nf6 4. Bg5 Be7 5. e5 Nfd7 6. h4 c5 7. Nf3 cxd4 8. Qxd4 Nc6 9. Qf4 d4 10. Ne2 Qa5+ 11. Kd1 Ndxe5 12. Nxe5 Nxe5 13. Bxe7 Kxe7 14. Qg5+ f6 15. Qxg7+ Nf7 16. Qg3 Bd7 17. Nxd4 Rhd8 18. Bd3 Ba4 19. Qe3 Qe5 20. Nb3 Qxb2 21. Ke2 Rd5 22. f4 Rad8 23. Rhd1 Bxb3 24. axb3 Rxd3 25. Rxd3 Rxd3 26. Qc5+ Nd6 27. Qc7+ Ke8 28. Kxd3 Qxa1 29. Qxd6 Qd1+ 0-1

[Event "FRA-chTB U20 1011"]
[Site "France"]
[Date "2010.11.21"]
[Round "2.4"]
[White "Hoerdt, Audran"]
[Black "Veys, Vincent"]
[Result "1-0"]
[WhiteElo "1587"]
[BlackElo "1730"]
[PlyCount "47"]
[EventDate "2010.11.20"]
[EventType "team-tourn"]
[EventRounds "7"]
[EventCountry "FRA"]
[SourceTitle "EXT 2012"]
[Source "ChessBase"]
[SourceDate "2011.11.24"]
[SourceVersion "1"]
[SourceVersionDate "2011.11.24"]
[SourceQuality "1"]
[WhiteTeam "Bischwiller"]
[BlackTeam "Mulhouse"]
[WhiteTeamCountry "FRA"]
[BlackTeamCountry "FRA"]

1. e4 e5 2. Nc3 Nf6 3. f4 d5 4. fxe5 Nxe4 5. Qf3 Bc5 6. Nxe4 dxe4 7. Qxe4 c6 8. Nf3 Be6 9. c3 Nd7 10. d4 Be7 11. Bd3 Nb6 12. 0-0 h6 13. Bc2 Qd7 14. b3 Qd5 15. c4 Qd7 16. Bb2 Qc7 17. Rad1 Rc8 18. Bb1 Rd8 19. Ne1 Rd7 20. Nd3 Qd8 21. Nf4 Bg4 22. Rd3 g5 23. Ng6 Rg8 24. Nxe7 1-0

[Event "FRA-chTB U20 1011"]
[Site "France"]
[Date "2010.11.21"]
[Round "3.4"]
[White "Joudelat, Noemie"]
[Black "Hoerdt, Audran"]
[Result "0-1"]
[WhiteElo "1775"]
[BlackElo "1587"]
[PlyCount "96"]
[EventDate "2010.11.20"]
[EventType "team-tourn"]
[EventRounds "7"]
[EventCountry "FRA"]
[SourceTitle "EXT 2012"]
[Source "ChessBase"]
[SourceDate "2011.11.24"]
[SourceVersion "1"]
[SourceVersionDate "2011.11.24"]
[SourceQuality "1"]
[WhiteTeam "Bois Colombes"]
[BlackTeam "Bischwiller"]
[WhiteTeamCountry "FRA"]
[BlackTeamCountry "FRA"]

1. e4 e6 2. d4 d5 3. Nc3 Nf6 4. Bg5 Be7 5. e5 Nfd7 6. Bxe7 Qxe7 7. Nf3 a6 8. a3 c5 9. Be2 Nc6 10. Qd3 cxd4 11. Nxd4 Ndxe5 12. Qe3 Qc5 13. Rd1 Nxd4 14. Qxd4 Qxd4 15. Rxd4 Bd7 16. 0-0 0-0 17. Nxd5 exd5 18. Rxd5 f6 19. f4 Bc6 20. Rd2 Nf7 21. Rfd1 Rad8 22. Bc4 Rxd2 23. Rxd2 g6 24. Re2 Re8 25. Rxe8+ Bxe8 26. Kf2 Bc6 27. g3 Kf8 28. Ke3 Nh6 29. Kd4 Ke7 30. Be2 Kd6 31. c4 Nf5+ 32. Kd3 b5 33. Kc3 Ne3 34. b3 bxc4 35. bxc4 Kc5 36. Kb3 a5 37. Bd3 Ng4 38. h3 Nf2 39. Bf1 a4+ 40. Kc2 Kd4 41. Kb2 Nd1+ 42. Kc1 Ne3 43. Be2 Nxc4 44. Bxc4 Kxc4 45. Kc2 Be4+ 46. Kb2 Bd3 47. h4 Kd4 48. Kc1 Ke3 0-1

[Event "Wasselonne op"]
[Site "Wasselonne"]
[Date "2009.08.09"]
[Round "7"]
[White "Pontier, Armand"]
[Black "Hoerdt, Audran"]
[Result "1/2-1/2"]
[WhiteElo "1890"]
[BlackElo "1512"]
[PlyCount "80"]
[EventDate "2009.08.06"]
[EventType "swiss"]
[EventRounds "7"]
[EventCountry "FRA"]
[SourceTitle "EXT 2011"]
[Source "ChessBase"]
[SourceDate "2010.11.26"]
[SourceVersion "1"]
[SourceVersionDate "2010.11.26"]
[SourceQuality "1"]

1. e4 e6 2. d4 d5 3. Nc3 Nf6 4. Bg5 Be7 5. e5 Nfd7 6. Bxe7 Qxe7 7. Bd3 a6 8. Nce2 c5 9. c3 Nc6 10. f4 cxd4 11. cxd4 Nxd4 12. Qd2 Nxe2 13. Nxe2 Nc5 14. Rc1 Bd7 15. Nd4 Rc8 16. 0-0 0-0 17. Rfe1 Nxd3 18. Qxd3 Qb4 19. b3 Rc5 20. Red1 Rfc8 21. Rxc5 Qxc5 22. Kf2 Qc3 23. Qxc3 Rxc3 24. Ke2 Kf8 25. Kd2 Rc5 26. Rc1 Rxc1 27. Kxc1 Ke7 28. g4 Bb5 29. h4 Bf1 30. b4 Bh3 31. g5 f6 32. Kd2 fxg5 33. fxg5 h6 34. Ke3 hxg5 35. hxg5 g6 36. Kd3 Bf5+ 37. Kc3 Kd7 38. Kb3 Kc7 39. Ka4 b6 40. Kb3 Kd7 1/2-1/2

[Event "Wasselonne op"]
[Site "Wasselonne"]
[Date "2009.08.07"]
[Round "3"]
[White "Hoerdt, Audran"]
[Black "Becker, Carsten"]
[Result "1/2-1/2"]
[WhiteElo "1512"]
[BlackElo "1990"]
[PlyCount "105"]
[EventDate "2009.08.06"]
[EventType "swiss"]
[EventRounds "7"]
[EventCountry "FRA"]
[SourceTitle "EXT 2011"]
[Source "ChessBase"]
[SourceDate "2010.11.26"]
[SourceVersion "1"]
[SourceVersionDate "2010.11.26"]
[SourceQuality "1"]

1. e4 d5 2. exd5 Qxd5 3. Nc3 Qa5 4. d4 c6 5. Nf3 Bg4 6. Be2 Nf6 7. 0-0 Qc7 8. d5 a6 9. Be3 cxd5 10. Nxd5 Nxd5 11. Qxd5 Nd7 12. Rfd1 e6 13. Qd4 Nf6 14. Qa4+ Qc6 15. Qxc6+ bxc6 16. h3 Bh5 17. Bg5 Ne4 18. Bf4 Bc5 19. Rf1 0-0 20. g4 Bg6 21. Ne5 f6 22. Nxg6 hxg6 23. Bf3 f5 24. Bxe4 fxe4 25. Be3 Bxe3 26. fxe3 Rad8 27. Rxf8+ Kxf8 28. Rf1+ Ke7 29. Kg2 g5 30. Rf2 Rd5 31. Kg3 Rd1 32. Re2 Rg1+ 33. Kf2 Ra1 34. a3 Rb1 35. c3 Kd6 36. Kg3 Ra1 37. h4 Rg1+ 38. Rg2 gxh4+ 39. Kh3 Rxg2 40. Kxg2 g5 41. b3 Kc5 42. Kh3 Kb5 43. Kg2 Kb6 44. Kh2 Kc7 45. Kg2 Kb8 46. Kh2 Ka8 47. Kg2 Ka7 48. Kh2 Kb6 49. Kg2 Kc5 50. Kh2 a5 51. a4 Kd5 52. Kg2 c5 53. c4+ 1/2-1/2

[Event "FRA-chT U20 0809"]
[Site "Sautron"]
[Date "2009.01.03"]
[Round "6.6"]
[White "Hoerdt, Audran"]
[Black "Niepceron, Luc"]
[Result "1-0"]
[WhiteElo "1600"]
[BlackElo "1640"]
[PlyCount "69"]
[EventDate "2008.10.??"]
[EventType "team-tourn"]
[EventRounds "11"]
[EventCountry "FRA"]
[SourceTitle "EXT 2010"]
[Source "ChessBase"]
[SourceDate "2010.11.25"]
[SourceVersion "1"]
[SourceVersionDate "2010.11.25"]
[SourceQuality "1"]

1. Nf3 f5 2. g3 Nf6 3. Bg2 g6 4. 0-0 Bg7 5. d4 0-0 6. c4 d6 7. Nc3 Nc6 8. a3 e5 9. Be3 e4 10. Nd2 Ng4 11. Nb3 Nxe3 12. fxe3 Bh6 13. Qd2 Qg5 14. Kf2 Bd7 15. Nd5 Rac8 16. Nf4 Ne7 17. Rac1 Ba4 18. Na1 Bd7 19. Nc2 Qf6 20. b4 c6 21. d5 g5 22. dxc6 gxf4 23. cxd7 fxg3+ 24. hxg3 Rxc4 25. Nd4 Rxc1 26. Qxc1 Nd5 27. Nc2 Qc3 28. Rd1 Qc4 29. Qd2 Nc3 30. Re1 Qc6 31. Nd4 Qc4 32. Rc1 f4 33. gxf4 Qf7 34. Rxc3 Kg7 35. Rc8 1-0